ARRUPE JESUIT UNIVERSITY

CORONAVIRUS -STOP THE SPREAD - CLEAN,DISINFECT,COVER

The European witch-craze of the sixteenth and seventeenth century (Record no. 126158)

MARC details
000 -LEADER
fixed length control field nam a22 7a 4500
005 - DATE AND TIME OF LATEST TRANSACTION
control field 20170220114323.0
008 - FIXED-LENGTH DATA ELEMENTS--GENERAL INFORMATION
fixed length control field 170220b xxu||||| |||| 00| 0 eng d
050 ## - LIBRARY OF CONGRESS CALL NUMBER
Classification number D247.T68
100 ## - MAIN ENTRY--PERSONAL NAME
Personal name Trevor-Roper, H.R.
9 (RLIN) 28907
245 ## - TITLE STATEMENT
Title The European witch-craze of the sixteenth and seventeenth century
Remainder of title and other essays
Statement of responsibility, etc by Trevor-Roper, H.R.
260 ## - PUBLICATION, DISTRIBUTION, ETC. (IMPRINT)
Place of publication, distribution, etc New York
Name of publisher, distributor, etc Harper Torchbooks
Date of publication, distribution, etc 1969
300 ## - PHYSICAL DESCRIPTION
Extent vi, 246p.;
Dimensions 20cm.
942 ## - ADDED ENTRY ELEMENTS (KOHA)
Source of classification or shelving scheme Library of Congress Classification
Item type Monograph ( Printed materials)
Holdings
Withdrawn status Lost status Source of classification or shelving scheme Damaged status Not for loan Collection code Home library Current library Shelving location Date acquired Total Checkouts Full call number Barcode Date last seen Price effective from Koha item type
    Library of Congress Classification     Main Collection ARRUPE LIBRARY ARRUPE LIBRARY Main Collection 20/02/2017   D247.T68 46500024479 20/02/2017 20/02/2017 Monograph ( Printed materials)

 

Arrupe Library. PO Box MP320 Mt Pleasant, Harare, Zimbabwe
263 242 745411|librarian@aju.ac.zw